[Event "Bhubaneswar op-A 13th"]
[Site "Bhubaneswar"]
[Date "2022.05.23"]
[Round "2"]
[White "Amonatov, Farrukh"]
[Black "Hegde, Ravi Gopal"]
[Result "1-0"]
[WhiteElo "2622"]
[BlackElo "2001"]
[PlyCount "75"]
[EventDate "2022.05.22"]
[EventType "swiss"]
[EventRounds "10"]
[EventCountry "IND"]
[SourceTitle "CBM 208 Extra"]
[Source "ChessBase"]
[SourceDate "2022.07.31"]
[SourceVersion "1"]
[SourceVersionDate "2022.07.31"]
[SourceQuality "1"]

1. e4 g6 2. d4 Bg7 3. Nf3 c6 4. Nc3 d5 5. h3 dxe4 6. Nxe4 Nf6 7. Nxf6+ exf6 8. Bc4 0-0 9. 0-0 Qd6 10. Re1 Nd7 11. Bb3 Rd8 12. Be3 Nf8 13. Qd2 Be6 14. c4 g5 15. d5 cxd5 16. cxd5 Bxd5 17. Rad1 Bxb3 18. Qxd6 Bxd1 19. Qg3 Ne6 20. Nd2 Bc2 21. Qf3 f5 22. Rc1 Rac8 23. Qxb7 f4 24. Bxa7 h5 25. Nf3 g4 26. hxg4 hxg4 27. Ne1 Rc7 28. Qb6 Rd1 29. Rxd1 Bxd1 30. Bb8 Rc8 31. Qb7 Rd8 32. Bc7 Nxc7 33. Qxc7 Rd4 34. Qc8+ Bf8 35. Qc3 Re4 36. Nd3 g3 37. Qd2 Be2 38. Nxf4 1-0

[Event "Chennai op 12th"]
[Site "Chennai"]
[Date "2020.01.19"]
[Round "2"]
[White "Hegde, Ravi Gopal"]
[Black "Goganov, Aleksey"]
[Result "0-1"]
[WhiteElo "2037"]
[BlackElo "2583"]
[PlyCount "62"]
[EventDate "2020.01.18"]
[EventType "swiss"]
[EventRounds "10"]
[EventCountry "IND"]
[SourceTitle "CBM 194 Extra"]
[Source "ChessBase"]
[SourceDate "2020.03.31"]
[SourceVersion "1"]
[SourceVersionDate "2020.03.31"]
[SourceQuality "1"]

1. e4 c5 2. c3 d5 3. exd5 Qxd5 4. d4 Nf6 5. Nf3 Nc6 6. Be3 e6 7. Be2 cxd4 8. cxd4 Bb4+ 9. Nc3 0-0 10. 0-0 Bxc3 11. bxc3 b6 12. c4 Qa5 13. Bd2 Qa3 14. Bc1 Qd6 15. Bb2 Bb7 16. Qd2 Rfd8 17. Rad1 Rac8 18. Qg5 h6 19. Qh4 Ne7 20. Ne5 Qb4 21. Ba1 Be4 22. Qh3 Bf5 23. Qe3 Bh7 24. Rfe1 Nf5 25. Qc1 Nd7 26. Nf3 Qa4 27. d5 exd5 28. Rxd5 Nf8 29. Red1 Rxd5 30. Rxd5 Qxa2 31. Qc3 f6 0-1

[Event "Goa op 2nd"]
[Site "Taleigao"]
[Date "2019.06.18"]
[Round "1"]
[White "Gagare, Shardul"]
[Black "Hegde, Ravi Gopal"]
[Result "1-0"]
[WhiteElo "2482"]
[BlackElo "2096"]
[PlyCount "63"]
[EventDate "2019.06.18"]
[EventType "swiss"]
[EventRounds "10"]
[EventCountry "IND"]
[SourceTitle "CBM 191 Extra"]
[Source "ChessBase"]
[SourceDate "2019.09.30"]
[SourceVersion "1"]
[SourceVersionDate "2019.09.30"]
[SourceQuality "1"]

1. e4 g6 2. d4 Bg7 3. Nc3 c6 4. Nf3 d5 5. e5 Nh6 6. h3 0-0 7. Bf4 f6 8. Qd2 Nf7 9. 0-0-0 b5 10. Re1 Qa5 11. Kb1 b4 12. Ne2 fxe5 13. dxe5 e6 14. h4 c5 15. h5 Nc6 16. hxg6 hxg6 17. Qd3 Ne7 18. Nh4 b3 19. Nc3 bxc2+ 20. Qxc2 Nh8 21. Bg5 Nf5 22. Nxf5 Rxf5 23. Bd2 Rxf2 24. Rxh8+ Kxh8 25. Qxg6 Rb8 26. Bd3 Kg8 27. b3 Qc7 28. Bh6 Kf8 29. Qh7 c4 30. Qh8+ Ke7 31. Qxg7+ Rf7 32. Bg5+ 1-0

[Event "Pune All India op 3rd"]
[Site "Pune"]
[Date "2019.05.02"]
[Round "8"]
[White "Hegde, Ravi Gopal"]
[Black "Muthaiah, Al"]
[Result "0-1"]
[WhiteElo "2102"]
[BlackElo "2423"]
[PlyCount "82"]
[EventDate "2019.04.29"]
[EventType "swiss"]
[EventRounds "8"]
[EventCountry "IND"]
[SourceTitle "CBM 190 Extra"]
[Source "ChessBase"]
[SourceDate "2019.07.15"]
[SourceVersion "1"]
[SourceVersionDate "2019.07.15"]
[SourceQuality "1"]

1. Nf3 Nf6 2. g3 d5 3. Bg2 e6 4. 0-0 Be7 5. d4 0-0 6. c4 c6 7. Qc2 b6 8. Nbd2 Bb7 9. b3 Na6 10. Bb2 Rc8 11. Rad1 h6 12. Qb1 c5 13. dxc5 bxc5 14. cxd5 exd5 15. Nh4 Re8 16. Nc4 Nc7 17. Nf5 Bf8 18. Rfe1 Ne4 19. Bxe4 Rxe4 20. Ncd6 Bxd6 21. Nxd6 Qxd6 22. Qxe4 Ne6 23. Qe5 Qf8 24. Ba3 Qd8 25. Bb2 Qb6 26. f3 f6 27. Qf5 c4+ 28. Kg2 c3 29. Bc1 d4 30. h4 Rc5 31. Qg6 Ra5 32. a4 Nf8 33. Qg4 Ne6 34. Bxh6 f5 35. Qh5 gxh6 36. Qg6+ Kf8 37. Qxh6+ Ke7 38. e3 Qc6 39. Qh5 f4 40. Qh7+ Kd8 41. e4 c2 0-1

[Event "Bengaluru Karnataka op"]
[Site "Bengaluru"]
[Date "2018.04.17"]
[Round "8"]
[White "Shree, Krishna Pranama"]
[Black "Hegde, Ravi Gopal"]
[Result "1/2-1/2"]
[WhiteElo "1572"]
[BlackElo "2139"]
[PlyCount "51"]
[EventDate "2018.04.14"]
[EventType "swiss"]
[EventRounds "10"]
[EventCountry "IND"]
[SourceTitle "CBM 184 Extra"]
[Source "ChessBase"]
[SourceDate "2018.06.28"]
[SourceVersion "1"]
[SourceVersionDate "2018.06.28"]
[SourceQuality "1"]

1. d4 Nf6 2. Nf3 c5 3. d5 g6 4. c4 Bg7 5. Nc3 0-0 6. Bf4 d6 7. h3 a6 8. e3 Qa5 9. Qd2 b5 10. cxb5 Nbd7 11. a4 Nb6 12. Be2 axb5 13. Bxb5 Ba6 14. 0-0 Bxb5 15. axb5 Qxa1 16. Rxa1 Rxa1+ 17. Kh2 Rfa8 18. e4 Na4 19. e5 Nxc3 20. bxc3 Ne4 21. Qe3 R8a4 22. exd6 exd6 23. c4 f5 24. b6 Rb4 25. Ng5 Bd4 26. Qe2 1/2-1/2

[Event "Chennai op 10th"]
[Site "Chennai"]
[Date "2018.01.23"]
[Round "8"]
[White "Hegde, Ravi Gopal"]
[Black "Gajwa, Ankit"]
[Result "1-0"]
[WhiteElo "2105"]
[BlackElo "2284"]
[PlyCount "133"]
[EventDate "2018.01.18"]
[EventType "swiss"]
[EventRounds "10"]
[EventCountry "IND"]
[SourceTitle "CBM 182 Extra"]
[Source "ChessBase"]
[SourceDate "2018.02.23"]
[SourceVersion "1"]
[SourceVersionDate "2018.02.23"]
[SourceQuality "1"]

1. c4 Nf6 2. g3 g6 3. Bg2 Bg7 4. Nf3 0-0 5. 0-0 d6 6. d4 Nbd7 7. Nc3 e5 8. e4 c6 9. b3 exd4 10. Nxd4 Nc5 11. h3 Re8 12. Re1 a5 13. Bf4 Qb6 14. Bxd6 Nfd7 15. Nde2 Ne5 16. Rf1 Be6 17. Qc2 Rad8 18. Rad1 f5 19. Nf4 Bc8 20. Kh2 Nf7 21. Bxc5 Qxc5 22. Na4 Qb4 23. Nd3 Qe7 24. Rfe1 fxe4 25. Rxe4 Qf6 26. Nac5 Rxe4 27. Nxe4 Qd4 28. f4 Qe3 29. Ndf2 Rxd1 30. Nxd1 Qe1 31. Qd2 Qxd2 32. Nxd2 Bd4 33. Nf3 Bc5 34. Nc3 Bf5 35. g4 Be6 36. Ne4 Be3 37. Kg3 Kf8 38. Nfg5 Nxg5 39. Nxg5 Bg8 40. Kf3 Bc5 41. Ne4 Bb4 42. Bf1 Ke7 43. f5 gxf5 44. gxf5 Bf7 45. Ke3 Ba3 46. Be2 b6 47. Bg4 Bc1+ 48. Kd3 Bb2 49. Bf3 Be8 50. c5 b5 51. a4 bxa4 52. bxa4 Be5 53. Nd2 Kf6 54. Bg4 Bc7 55. Kd4 Be5+ 56. Ke4 Bf7 57. Kd3 Bc7 58. Bf3 Be8 59. Be4 Bd7 60. Nf3 Bxf5 61. Bxf5 Kxf5 62. Nd4+ Ke5 63. Kc4 Ke4 64. Nxc6 Kf4 65. Nd4 Kg3 66. Ne6 Be5 67. Kd5 1-0

[Event "Chennai op 10th"]
[Site "Chennai"]
[Date "2018.01.21"]
[Round "6"]
[White "Hegde, Ravi Gopal"]
[Black "Sivuk, Vitaly"]
[Result "1/2-1/2"]
[WhiteElo "2105"]
[BlackElo "2550"]
[PlyCount "117"]
[EventDate "2018.01.18"]
[EventType "swiss"]
[EventRounds "10"]
[EventCountry "IND"]
[SourceTitle "CBM 182 Extra"]
[Source "ChessBase"]
[SourceDate "2018.02.23"]
[SourceVersion "1"]
[SourceVersionDate "2018.02.23"]
[SourceQuality "1"]

1. Nf3 g6 2. d4 Bg7 3. e4 d6 4. Nc3 Nf6 5. h3 0-0 6. Be3 a6 7. a4 b6 8. e5 Ne8 9. Bc4 Nc6 10. 0-0 Nb4 11. Bb3 Bf5 12. Qe2 c5 13. Rad1 Qc8 14. dxc5 bxc5 15. Nd5 Nxd5 16. Bxd5 Rb8 17. Bg5 e6 18. Bc4 d5 19. Bxa6 Qc7 20. Bb5 Be4 21. c4 h6 22. Bf4 g5 23. Bg3 Qb7 24. Nd2 Bc2 25. Rc1 Bg6 26. Rfd1 Nc7 27. b3 d4 28. h4 gxh4 29. Bxh4 Na6 30. Bxa6 Qxa6 31. Be7 Rfc8 32. Bd6 Rb6 33. Ne4 Bxe4 34. Qxe4 Rxb3 35. Qc2 Rc3 36. Qa2 Rxc1 37. Rxc1 Qc6 38. Qc2 Bf8 39. Bxf8 Rxf8 40. Rb1 Kh8 41. Qd2 Kg7 42. Qf4 Rg8 43. Rb3 Kh7 44. Qxf7+ Rg7 45. Qf3 Qxf3 46. Rxf3 Ra7 47. Rf6 d3 48. Kf1 Rxa4 49. Ke1 Rxc4 50. Kd2 Rd4 51. Rxe6 c4 52. Rd6 Re4 53. Kc3 h5 54. g3 Kg7 55. f3 Rxe5 56. Kxc4 Rg5 57. Kxd3 Rxg3 58. Ke2 h4 59. Kf2 1/2-1/2

[Event "Chennai op 10th"]
[Site "Chennai"]
[Date "2018.01.19"]
[Round "3"]
[White "Rathnakaran, Kantholi"]
[Black "Hegde, Ravi Gopal"]
[Result "1/2-1/2"]
[WhiteElo "2372"]
[BlackElo "2105"]
[PlyCount "95"]
[EventDate "2018.01.18"]
[EventType "swiss"]
[EventRounds "10"]
[EventCountry "IND"]
[SourceTitle "CBM 182 Extra"]
[Source "ChessBase"]
[SourceDate "2018.02.23"]
[SourceVersion "1"]
[SourceVersionDate "2018.02.23"]
[SourceQuality "1"]

1. e4 c6 2. Nc3 d5 3. Nf3 Bg4 4. h3 Bxf3 5. Qxf3 Nf6 6. d3 e6 7. Bd2 Nbd7 8. g4 Be7 9. g5 Ng8 10. h4 Bb4 11. a3 Bd6 12. Bh3 Ne7 13. h5 Qc7 14. 0-0-0 Rf8 15. d4 dxe4 16. Nxe4 0-0-0 17. Nxd6+ Qxd6 18. Bb4 c5 19. Ba5 Nb6 20. Bg2 Nc6 21. Bxb6 axb6 22. d5 exd5 23. Rxd5 Qxd5 24. Qxd5 Rxd5 25. Bxd5 f6 26. g6 h6 27. Re1 Rd8 28. c4 Kc7 29. f4 Rd7 30. Re8 Rd8 31. Re4 Rd7 32. Kc2 Kd8 33. Bxc6 bxc6 34. Re6 Kc7 35. Kc3 Rd4 36. Re7+ Rd7 37. Re1 Kd8 38. Re6 Rc7 39. b4 Kd7 40. f5 cxb4+ 41. axb4 Rc8 42. Re1 Ra8 43. Kb3 Ra7 44. b5 cxb5 45. cxb5 Kd6 46. Kb4 Re7 47. Rxe7 Kxe7 48. Kc4 1/2-1/2

[Event "IND-chT 37th"]
[Site "Bhopal"]
[Date "2017.02.07"]
[Round "8.3"]
[White "Thejkumar, MS."]
[Black "Hegde, Ravi Gopal"]
[Result "1-0"]
[WhiteElo "2461"]
[BlackElo "2166"]
[PlyCount "45"]
[EventDate "2017.02.02"]
[EventType "team-swiss"]
[EventRounds "9"]
[EventCountry "IND"]
[SourceTitle "CBM 176 Extra"]
[Source "ChessBase"]
[SourceDate "2017.03.02"]
[SourceVersion "1"]
[SourceVersionDate "2017.03.02"]
[SourceQuality "1"]
[WhiteTeam "Indian Railways"]
[BlackTeam "Karnataka"]
[WhiteTeamCountry "IND"]
[BlackTeamCountry "IND"]

1. d4 Nf6 2. Nf3 b6 3. c4 Bb7 4. g3 g6 5. Bg2 Bg7 6. 0-0 0-0 7. Nc3 e6 8. Qc2 d5 9. cxd5 Nxd5 10. Bg5 Qc8 11. Rac1 Na6 12. Nxd5 exd5 13. Qd2 Re8 14. b4 Qd7 15. Rfe1 Rac8 16. Ne5 Qb5 17. Bh3 f5 18. Rb1 Bxe5 19. dxe5 Rxe5 20. Bf6 Re6 21. Ba1 Rf8 22. e4 dxe4 23. Bf1 1-0

[Event "IND-chT 37th"]
[Site "Bhopal"]
[Date "2017.02.06"]
[Round "7.3"]
[White "Hegde, Ravi Gopal"]
[Black "Selvamurugan, B."]
[Result "1/2-1/2"]
[WhiteElo "2166"]
[BlackElo "1804"]
[PlyCount "99"]
[EventDate "2017.02.02"]
[EventType "team-swiss"]
[EventRounds "9"]
[EventCountry "IND"]
[SourceTitle "CBM 176 Extra"]
[Source "ChessBase"]
[SourceDate "2017.03.02"]
[SourceVersion "1"]
[SourceVersionDate "2017.03.02"]
[SourceQuality "1"]
[WhiteTeam "Karnataka"]
[BlackTeam "Sivakasi"]
[WhiteTeamCountry "IND"]
[BlackTeamCountry "IND"]

1. Nf3 e6 2. g3 Nf6 3. Bg2 d5 4. b3 c5 5. Bb2 Nc6 6. 0-0 Be7 7. d4 0-0 8. Nbd2 b6 9. c4 Bb7 10. cxd5 Nxd5 11. dxc5 Bxc5 12. a3 Rc8 13. b4 Be7 14. Qb3 Bf6 15. e4 Nc7 16. Rfd1 Bxb2 17. Qxb2 Qe7 18. Nc4 Rfd8 19. e5 Ne8 20. h4 Nb8 21. Ne3 Nc7 22. Ng5 Bxg2 23. Kxg2 h6 24. Ne4 Ne8 25. Kh2 Qb7 26. Nd6 Nxd6 27. exd6 Nd7 28. Rd4 Ne5 29. Kh3 Qc6 30. Rad1 Qc3 31. Qa2 Rd7 32. Qe2 Rcd8 33. f4 Ng6 34. h5 Nf8 35. Nc4 f6 36. Qe4 Rc8 37. Qd3 Qxd3 38. R1xd3 Kf7 39. Nd2 Rc1 40. Kg2 g6 41. hxg6+ Nxg6 42. Rc4 Rxc4 43. Nxc4 Ne7 44. Rd2 Nd5 45. f5 b5 46. fxe6+ Kxe6 47. Re2+ Kf7 48. Rd2 Ke6 49. Re2+ Kf7 50. Rd2 1/2-1/2

[Event "IND-chT 37th"]
[Site "Bhopal"]
[Date "2017.02.04"]
[Round "4.4"]
[White "Hegde, Ravi Gopal"]
[Black "Chandrajeet, Singh Rajawat"]
[Result "1-0"]
[WhiteElo "2166"]
[BlackElo "1780"]
[PlyCount "65"]
[EventDate "2017.02.02"]
[EventType "team-swiss"]
[EventRounds "9"]
[EventCountry "IND"]
[SourceTitle "CBM 176 Extra"]
[Source "ChessBase"]
[SourceDate "2017.03.02"]
[SourceVersion "1"]
[SourceVersionDate "2017.03.02"]
[SourceQuality "1"]
[WhiteTeam "Karnataka"]
[BlackTeam "Rajastan State"]
[WhiteTeamCountry "IND"]
[BlackTeamCountry "IND"]

1. Nf3 f5 2. g3 e6 3. Bg2 Nf6 4. 0-0 Be7 5. d4 0-0 6. b3 Ne4 7. Bb2 d6 8. Nbd2 Nxd2 9. Qxd2 Nd7 10. c4 Nf6 11. Rad1 Rb8 12. Qc2 Qe8 13. Nd2 Qh5 14. e4 f4 15. gxf4 Ng4 16. h3 Nh6 17. e5 Rxf4 18. Ne4 Bd7 19. Ng3 Qh4 20. Bc1 Rxd4 21. Rxd4 Qxd4 22. exd6 Bxd6 23. Rd1 Qh4 24. c5 Bxg3 25. Rxd7 Bf4 26. Qc4 Rf8 27. Bxf4 Qxf4 28. Qxf4 Rxf4 29. Rxc7 Rf7 30. Rxb7 Rxb7 31. Bxb7 Nf7 32. c6 Nd6 33. c7 1-0

[Event "Chennai op 9th"]
[Site "Chennai"]
[Date "2017.01.23"]
[Round "8"]
[White "Hegde, Ravi Gopal"]
[Black "Ponkshe, Sarang"]
[Result "1-0"]
[WhiteElo "2163"]
[BlackElo "1889"]
[PlyCount "69"]
[EventDate "2017.01.18"]
[EventType "swiss"]
[EventRounds "10"]
[EventCountry "IND"]
[SourceTitle "CBM 176 Extra"]
[Source "ChessBase"]
[SourceDate "2017.03.02"]
[SourceVersion "1"]
[SourceVersionDate "2017.03.02"]
[SourceQuality "1"]

1. Nf3 Nf6 2. c4 c6 3. b3 d5 4. Bb2 Bf5 5. g3 e6 6. Bg2 h6 7. 0-0 Be7 8. d3 Nbd7 9. Nbd2 0-0 10. Qc2 Bh7 11. a3 a5 12. Bc3 Qc7 13. Qb2 b5 14. cxb5 cxb5 15. b4 axb4 16. axb4 Rfc8 17. Rxa8 Rxa8 18. Nb3 Nb6 19. Be5 Na4 20. Qd2 Qd8 21. Nfd4 Qf8 22. Nc6 Nd7 23. Nxe7+ Qxe7 24. Ba1 Rc8 25. Nd4 Nf8 26. Rb1 Qd7 27. Rc1 Rxc1+ 28. Qxc1 e5 29. Nc6 f6 30. Bxd5+ Kh8 31. Bg2 Bg8 32. f4 exf4 33. Qxf4 Bd5 34. Bxd5 Qxd5 35. Bxf6 1-0

[Event "Chennai op 9th"]
[Site "Chennai"]
[Date "2017.01.22"]
[Round "6"]
[White "Nitin, Senthilvel"]
[Black "Hegde, Ravi Gopal"]
[Result "1-0"]
[WhiteElo "2427"]
[BlackElo "2163"]
[PlyCount "65"]
[EventDate "2017.01.18"]
[EventType "swiss"]
[EventRounds "10"]
[EventCountry "IND"]
[SourceTitle "CBM 176 Extra"]
[Source "ChessBase"]
[SourceDate "2017.03.02"]
[SourceVersion "1"]
[SourceVersionDate "2017.03.02"]
[SourceQuality "1"]

1. e4 e5 2. Nf3 Nc6 3. Nc3 g6 4. d4 exd4 5. Nxd4 Bg7 6. Be3 d6 7. Qd2 Nf6 8. f3 0-0 9. 0-0-0 Re8 10. g4 Nxd4 11. Bxd4 Be6 12. g5 Nh5 13. Bxg7 Kxg7 14. Be2 d5 15. f4 dxe4 16. Qe3 Qe7 17. Bxh5 gxh5 18. Qd4+ Kg6 19. Nd5 Bxd5 20. f5+ Kxf5 21. Rhf1+ Kg6 22. Rf6+ Kg7 23. Re6+ Kg8 24. Rxe7 Rxe7 25. Qxd5 c6 26. Qc5 Rae8 27. Rd8 Kg7 28. Rxe8 Rxe8 29. Qxa7 e3 30. Qd4+ Kg8 31. Kd1 b5 32. Ke2 Re6 33. b3 1-0

[Event "Chennai op 9th"]
[Site "Chennai"]
[Date "2017.01.21"]
[Round "4"]
[White "Hegde, Ravi Gopal"]
[Black "Ravichandran, Siddharth"]
[Result "1-0"]
[WhiteElo "2163"]
[BlackElo "2391"]
[PlyCount "94"]
[EventDate "2017.01.18"]
[EventType "swiss"]
[EventRounds "10"]
[EventCountry "IND"]
[SourceTitle "CBM 176 Extra"]
[Source "ChessBase"]
[SourceDate "2017.03.02"]
[SourceVersion "1"]
[SourceVersionDate "2017.03.02"]
[SourceQuality "1"]

1. Nf3 d5 2. c4 d4 3. g3 Nc6 4. Bg2 e5 5. 0-0 Nf6 6. d3 a5 7. Na3 Be7 8. Nc2 0-0 9. a3 Bf5 10. Bg5 Nd7 11. Bxe7 Qxe7 12. b4 axb4 13. axb4 Nxb4 14. Nxb4 Qxb4 15. Rb1 Qd6 16. Rxb7 Nc5 17. Rb1 Ra2 18. Re1 Na4 19. Qb3 Nc3 20. Rb2 Ra6 21. Nh4 Bg4 22. h3 Ra3 23. Qb7 Bc8 24. Qb4 Qa6 25. e3 c5 26. Qb8 Be6 27. exd4 e4 28. Bxe4 f5 29. Bxf5 Bxf5 30. Re8 Ra1+ 31. Kh2 Bc8 32. Rxf8+ Kxf8 33. Rb6 Qa8 34. d5 Ra2 35. Qd6+ Kf7 36. Qc7+ Kg8 37. Qd8+ Kf7 38. Qc7+ Kg8 39. Rb8 Rxf2+ 40. Kg1 Qa1+ 41. Kxf2 Ne4+ 42. dxe4 Qd4+ 43. Kf3 Qd3+ 44. Kf2 Qd4+ 45. Kg2 Qd2+ 46. Kg1 Qe3+ 47. Kh2 Qf2+ 1-0

[Event "Chennai op 9th"]
[Site "Chennai"]
[Date "2017.01.19"]
[Round "2"]
[White "Hegde, Ravi Gopal"]
[Black "Vijay, Shreeram P"]
[Result "1/2-1/2"]
[WhiteElo "2163"]
[BlackElo "1872"]
[PlyCount "69"]
[EventDate "2017.01.18"]
[EventType "swiss"]
[EventRounds "10"]
[EventCountry "IND"]
[SourceTitle "CBM 176 Extra"]
[Source "ChessBase"]
[SourceDate "2017.03.02"]
[SourceVersion "1"]
[SourceVersionDate "2017.03.02"]
[SourceQuality "1"]

1. Nf3 g6 2. d4 Bg7 3. c4 f5 4. g3 Nf6 5. Bg2 0-0 6. b3 d6 7. Bb2 c6 8. 0-0 Qc7 9. Nbd2 Nbd7 10. Ng5 Nb6 11. f4 h6 12. Ngf3 Ng4 13. Qc1 Ne3 14. Rf2 Nd7 15. d5 Ng4 16. Bxg7 Kxg7 17. Qb2+ Ndf6 18. Rff1 Qb6+ 19. Nd4 cxd5 20. cxd5 Ne3 21. Rfe1 Nxg2 22. Kxg2 Qa5 23. e4 fxe4 24. Nxe4 Qxd5 25. Kg1 e5 26. Nxf6 Rxf6 27. fxe5 dxe5 28. Nc2 Qd2 29. Qxe5 Qf2+ 30. Kh1 Qxc2 31. Rac1 Qf5 32. Rc7+ Kg8 33. Qe7 Rf7 34. Qe8+ Rf8 35. Qe7 1/2-1/2

[Event "Mumbai Mayors Cup 9th"]
[Site "Mumbai"]
[Date "2016.06.07"]
[Round "8"]
[White "Ravi, Teja Sanka"]
[Black "Hegde, Ravi Gopal"]
[Result "1-0"]
[WhiteElo "2399"]
[BlackElo "2157"]
[PlyCount "69"]
[EventDate "2016.06.02"]
[EventType "swiss"]
[EventRounds "10"]
[EventCountry "IND"]
[SourceTitle "CBM 173 Extra"]
[Source "ChessBase"]
[SourceDate "2016.08.29"]
[SourceVersion "1"]
[SourceVersionDate "2016.08.29"]
[SourceQuality "1"]

1. d4 Nf6 2. Nf3 d5 3. c4 c6 4. Nc3 g6 5. cxd5 cxd5 6. Bf4 Bg7 7. e3 Nc6 8. Be2 0-0 9. 0-0 Nh5 10. Bg5 f6 11. Bh4 Be6 12. Ne1 Bf7 13. Nd3 Bh6 14. Bxh5 gxh5 15. Qf3 Qd6 16. Nb5 Qd7 17. h3 b6 18. Rfd1 Rac8 19. Nc3 Kh8 20. Kh1 Rg8 21. Ne5 fxe5 22. Qxf7 exd4 23. exd4 Bg5 24. Qxh5 Bxh4 25. Qxh4 Rcf8 26. Rd2 Qf5 27. Nd1 Rg5 28. Ne3 Qg6 29. Rc1 Rg8 30. f3 Qf6 31. Nxd5 Qe6 32. Qe4 Qd6 33. Ne3 Qb4 34. Rdc2 Nd8 35. Nf5 1-0

[Event "New Delhi Parsvnath op 10th"]
[Site "New Delhi"]
[Date "2012.01.22"]
[Round "10"]
[White "Hegde, Ravi Gopal"]
[Black "Ghosh, Diptayan"]
[Result "1/2-1/2"]
[WhiteElo "2211"]
[BlackElo "2372"]
[PlyCount "82"]
[EventDate "2012.01.15"]
[EventType "swiss"]
[EventRounds "11"]
[EventCountry "IND"]
[SourceTitle "CBM 146 Extra"]
[Source "ChessBase"]
[SourceDate "2012.02.29"]
[SourceVersion "1"]
[SourceVersionDate "2012.02.29"]
[SourceQuality "1"]

1. Nf3 d5 2. c4 c6 3. b3 Bg4 4. Bb2 Nd7 5. e3 Ngf6 6. Nc3 e6 7. Be2 Bd6 8. Rc1 0-0 9. 0-0 a5 10. cxd5 exd5 11. Nd4 Bxe2 12. Ncxe2 Re8 13. Ng3 Bf8 14. a4 g6 15. f4 Bg7 16. f5 Ne5 17. Qc2 Rc8 18. fxg6 fxg6 19. Nf3 Nfg4 20. Kh1 Nxf3 21. gxf3 Ne5 22. Bxe5 Rxe5 23. f4 Re7 24. f5 Qd6 25. fxg6 hxg6 26. Ne2 Kh7 27. Rf3 Qe6 28. Rg1 Qe4 29. Qxe4 dxe4 30. Rh3+ Bh6 31. Rg4 Kg7 32. Ng3 Re5 33. Rxe4 Rxe4 34. Nxe4 Rd8 35. Kg2 Rd3 36. Kf3 b6 37. Ke2 Rxb3 38. Nd6 Rb4 39. Ne8+ Kh7 40. Nf6+ Kg7 41. Ne8+ Kh7 1/2-1/2

[Event "New Delhi Parsvnath op 10th"]
[Site "New Delhi"]
[Date "2012.01.20"]
[Round "8"]
[White "Jain Singhai, Niklesh N"]
[Black "Hegde, Ravi Gopal"]
[Result "0-1"]
[WhiteElo "1955"]
[BlackElo "2211"]
[PlyCount "52"]
[EventDate "2012.01.15"]
[EventType "swiss"]
[EventRounds "11"]
[EventCountry "IND"]
[SourceTitle "CBM 146 Extra"]
[Source "ChessBase"]
[SourceDate "2012.02.29"]
[SourceVersion "1"]
[SourceVersionDate "2012.02.29"]
[SourceQuality "1"]

1. Nf3 Nf6 2. g3 d5 3. Bg2 c6 4. d3 Bf5 5. Nh4 Bg4 6. c3 e6 7. Qb3 Qb6 8. Be3 Qa6 9. h3 Bh5 10. g4 Bg6 11. Nd2 Nbd7 12. Nxg6 hxg6 13. d4 Bd6 14. c4 Rc8 15. c5 Bb8 16. 0-0-0 b6 17. Kb1 bxc5 18. dxc5 Be5 19. Qd3 Qb7 20. b3 a5 21. f4 Bc7 22. Rhf1 a4 23. Bd4 axb3 24. Nxb3 Ra8 25. Rd2 0-0 26. Rb2 Ra4 0-1

[Event "New Delhi Parsvnath op 8th"]
[Site "New Delhi"]
[Date "2010.01.21"]
[Round "10"]
[White "Kravtsiv, Martyn"]
[Black "Hegde, Ravi Gopal"]
[Result "1-0"]
[WhiteElo "2545"]
[BlackElo "2208"]
[PlyCount "49"]
[EventDate "2010.01.14"]
[EventType "swiss"]
[EventRounds "11"]
[EventCountry "IND"]
[SourceTitle "CBM 134 Extra"]
[Source "ChessBase"]
[SourceDate "2010.03.03"]
[SourceVersion "1"]
[SourceVersionDate "2010.03.03"]
[SourceQuality "1"]

1. e4 e5 2. Nf3 Nc6 3. Bb5 d6 4. 0-0 Bd7 5. d4 exd4 6. Nxd4 g6 7. Bxc6 bxc6 8. Bd2 Bg7 9. Bc3 Nf6 10. Nf3 0-0 11. e5 Nd5 12. exd6 Nxc3 13. Nxc3 Rb8 14. Na4 cxd6 15. Qxd6 Bf5 16. Qc5 Rb5 17. Qxc6 Qa5 18. c4 Rb4 19. Nc3 Rxb2 20. Nd5 Rc2 21. Rae1 Bd3 22. Re8 Qa3 23. Ne7+ Kh8 24. Rxf8+ Bxf8 25. Qf6+ 1-0

[Event "New Delhi Parsvnath op 8th"]
[Site "New Delhi"]
[Date "2010.01.19"]
[Round "8"]
[White "Hegde, Ravi Gopal"]
[Black "Mohota, Nisha"]
[Result "1-0"]
[WhiteElo "2208"]
[BlackElo "2330"]
[PlyCount "87"]
[EventDate "2010.01.14"]
[EventType "swiss"]
[EventRounds "11"]
[EventCountry "IND"]
[SourceTitle "CBM 134 Extra"]
[Source "ChessBase"]
[SourceDate "2010.03.03"]
[SourceVersion "1"]
[SourceVersionDate "2010.03.03"]
[SourceQuality "1"]

1. Nf3 d5 2. g3 Nf6 3. Bg2 e6 4. 0-0 c5 5. c4 dxc4 6. Na3 Nc6 7. Nxc4 Be7 8. b3 0-0 9. Bb2 Nd5 10. d4 b5 11. Nce5 Nxe5 12. Nxe5 Bb7 13. dxc5 Bxc5 14. Rc1 Rc8 15. Qd3 a6 16. Rfd1 Qe7 17. Qf3 f6 18. Nd3 Bd6 19. Qg4 Kh8 20. e4 f5 21. exf5 Rxf5 22. Rxc8+ Bxc8 23. Re1 Qf7 24. Ne5 Bxe5 25. Bxe5 Bb7 26. Qd4 Qd7 27. f4 Rf8 28. Bh3 Re8 29. f5 Nf6 30. Qxd7 Nxd7 31. fxe6 Nxe5 32. Rxe5 Re7 33. Kf2 g6 34. Ke3 Kg7 35. Kd4 Kf8 36. Kc5 Ke8 37. Kd6 Kd8 38. Rc5 h6 39. Bf1 Rg7 40. Bd3 Bf3 41. a4 bxa4 42. bxa4 Rb7 43. a5 Re7 44. Bxg6 1-0

[Event "Gurgon op 1st"]
[Site "Gurgon"]
[Date "2009.01.24"]
[Round "5"]
[White "Ashwin, Jayaram"]
[Black "Hegde, Ravi Gopal"]
[Result "1/2-1/2"]
[WhiteElo "2428"]
[BlackElo "2213"]
[PlyCount "53"]
[EventDate "2009.01.21"]
[EventType "swiss"]
[EventRounds "10"]
[EventCountry "IND"]
[SourceTitle "CBM 128 Extra"]
[Source "ChessBase"]
[SourceDate "2009.03.05"]
[SourceVersion "2"]
[SourceVersionDate "2009.03.25"]
[SourceQuality "1"]

1. e4 e5 2. Nf3 Nc6 3. Bb5 f5 4. d3 Nf6 5. exf5 Bc5 6. Be3 Nd4 7. Ba4 0-0 8. c3 Qe7 9. 0-0 Nxf5 10. Bxc5 Qxc5 11. Re1 d6 12. d4 exd4 13. cxd4 Qb6 14. Nc3 d5 15. Bb3 c6 16. Qd3 Nd6 17. Re5 Nf7 18. Re7 Nd6 19. Re5 Bg4 20. Na4 Qc7 21. Rae1 Rae8 22. Nc5 Nf7 23. Rxe8 Rxe8 24. Rxe8+ Nxe8 25. Qe3 Nf6 26. Ne5 Bc8 27. f3 1/2-1/2